Constitutional Questions and Citizens' Rights/ (Record no. 163826)

MARC details
000 -LEADER
fixed length control field 00586nam a2200193 4500
005 - DATE AND TIME OF LATEST TRANSACTION
control field 20190501153834.0
010 ## - LCCN (DPL NO)
LC control number B-225858
020 ## - INTERNATIONAL STANDARD BOOK NUMBER
International Standard Book Number 9780195678291
035 ## - SYSTEM CONTROL NUMBER
System control number B-225858
037 ## - SOURCE OF ACQUISITION
Source of stock number/acquisition DBAD/PUB
082 ## - DEWEY DECIMAL CLASSIFICATION NUMBER
Classification number 342.54
100 ## - MAIN ENTRY--PERSONAL NAME
Personal name Noorani,A.G.
245 ## - TITLE STATEMENT
Title Constitutional Questions and Citizens' Rights/
Statement of responsibility, etc by A.G. Noorani
260 ## - PUBLICATION, DISTRIBUTION, ETC. (IMPRINT)
Place of publication, distribution, etc New Delhi
Name of publisher, distributor, etc Oxford University Press
Date of publication, distribution, etc 2006
270 ## - ADDRESS
Address YMCA library building ,Jai singh road,
City New Delhi
Postal code 110001
300 ## - PHYSICAL DESCRIPTION
Extent lxxi,396p.
Dimensions 21cms(hbk)
942 ## - ADDED ENTRY ELEMENTS (KOHA)
Source of classification or shelving scheme Dewey Decimal Classification
Item type English Books
Classification part 342.54
Call number suffix NOO
Holdings
Withdrawn status Lost status Not for loan Collection code Home library Current library Date acquired Source of acquisition Full call number Barcode Copy number Koha item type
      Non-fiction Central Library Central Library 01/05/2019 DBAD/PUB 342.54 NOO B-225858 1 English Books

© Delhi Public Library
Hit Counter
free hit counter